Nigerian oil & gas : a mixed blessing? : a chronicle of NNPC's unfulfilled mission (Record no. 33030)

MARC details
000 -LEADER
fixed length control field 00755nam a2200181Ia 4500
020 ## - INTERNATIONAL STANDARD BOOK NUMBER
ISBN 9789785284232
050 ## - CALL MARK
Classification number HD 9577.N52 .N54/
100 ## - STATEMENT OF RESPONSIBILITY--MAIN AUTHOR NAME
Personal name Olorunfemi, Ma
245 #0 - TITLE STATEMENT
Title Nigerian oil & gas : a mixed blessing? : a chronicle of NNPC's unfulfilled mission
260 ## - PUBLICATION, DISTRIBUTION, ETC. (IMPRINT)
Place of publication Lagos
260 ## - PUBLICATION, DISTRIBUTION, ETC. (IMPRINT)
Name of publisher Kachifo Limited
260 ## - PUBLICATION, DISTRIBUTION, ETC. (IMPRINT)
Year of publication 2014
300 ## - PHYSICAL DESCRIPTION
Number of Pages 140 p
650 ## - SUBJECT ADDED ENTRY--TOPICAL TERM
Topical Term Nigerian National Petroleum Corporation. Petroleum industry and trade--Nigeria. Gas industry--Nigeria. Petroleum industry and trade--Government policy--Nigeria. Gas industry--Government policy--Nigeria. Economic development--Nigeria. Nigeria--Economic policy.
942 ## - ADDED ENTRY ELEMENTS (KOHA)
Koha item type Books
Holdings
Withdrawn status Lost status Source of classification or shelving scheme Damaged status Not for loan Permanent Location Current Location Shelving location Date acquired Accession Number Price effective from Koha item type
    Library of Congress Classification     NILE UNIVERSITY OF NIGERIA - MAIN LIBRARY NILE UNIVERSITY OF NIGERIA - MAIN LIBRARY Items on shelf 04/23/2025 0188593 04/23/2025 Books